000 01156pam a2200289 a 4500
001 690446
003 NUST-PNEC
005 20170116180735.0
008 960522s1997 maua b 001 0 eng
010 _a 96022968
020 _a0201423006
020 _a0201435667
040 _aDLC
_cPNEC
050 0 0 _aQA76.66
_b.B42 1997
082 0 0 _a005.42 BEC
_220
100 1 _aBeck, Leland L.
245 1 0 _aSystem software : an introduction to systems programming /
_cLeland L. Beck.
250 _a3rd ed.
260 _aReading, Mass. :
_bAddison-Wesley,
_cc1997.
300 _axiii, 519 p. :
_bill. ;
_c24 cm.
500 _aIncludes index, bibliographical & references (p. 507-509).
650 0 _aSystems programming (Computer science)
_xMIS, Computer
856 _uhttp://www.amazon.com/System-Software-Introduction-Systems-Programming/dp/0201423006/ref=sr_1_1?s=books&ie=UTF8&qid=1416753443&sr=1-1&keywords=system+software+an+introduction+to+systems+programming
906 _a7
_bcbc
_corignew
_d1
_eocip
_f19
_gy-gencatlg
942 _2ddc
_cBK
999 _c61939
_d61939